000 00738nam a2200253Ia 4500
003 OSt
005 20220918185300.0
006 a|||||r|||| 00| 0
007 ta
008 220917b |||||||| |||| 00| 0 eng d
024 _a50,427
037 _cTextual
040 _aARTS
_cARTS
_beng
041 _2eng
_aeng
082 _aP111, K66 (PD)
100 _aLee W R
_968504
245 0 _aEnglish at home-class edition
260 _aLondon
_bOUP
_c1966
300 _axxiv,273p.
_ccm.
500 _aAppendix (261-73p) 1- Improving your english 2- Getting through examination 3- Bibliography; Glossary xvii-xxv
650 _aLINGUISTICS
942 _hP111, K66 (PD)
_cTEXL
_2CC
999 _c180023
_d180023